BIOGEOGRAPHY: AN ECOLOGICAL AND EVOLUTIONARY APPROACH. (Record no. 217017)

MARC details
000 -LEADER
fixed length control field 00528nam a22001937a 4500
008 - FIXED-LENGTH DATA ELEMENTS--GENERAL INFORMATION
fixed length control field 260420b |||||||| |||| 00| 0 eng d
020 ## - INTERNATIONAL STANDARD BOOK NUMBER
International Standard Book Number 9781119486312
050 ## - LIBRARY OF CONGRESS CALL NUMBER
Classification number QH 84. C69 2020
100 ## - MAIN ENTRY--PERSONAL NAME
Personal name COX, C. BARRY
245 ## - TITLE STATEMENT
Title BIOGEOGRAPHY: AN ECOLOGICAL AND EVOLUTIONARY APPROACH.
250 ## - EDITION STATEMENT
Edition statement 10TH
260 ## - PUBLICATION, DISTRIBUTION, ETC.
Place of publication, distribution, etc. USA,
Name of publisher, distributor, etc. JOHN WILEY AND SONS LTD .
Date of publication, distribution, etc. 2020.
300 ## - PHYSICAL DESCRIPTION
Extent XV,498 P, ILL
500 ## - GENERAL NOTE
General note INCLUDES INDEX.
650 ## - SUBJECT ADDED ENTRY
Topical term or geographic name entry element BIOGEOGRAPHY
700 ## - ADDED ENTRY--PERSONAL NAME
Personal name LADLE, RICHARD J.
942 ## - ADDED ENTRY ELEMENTS (KOHA)
Source of classification or shelving scheme Library of Congress Classification
Koha item type Long Loan Book
Holdings
Withdrawn status Lost status Source of classification or shelving scheme Damaged status Not for loan Collection Home library Current library Shelving location Date acquired Inventory number Total checkouts Full call number Barcode Date last seen Copy number Price effective from Koha item type
    Library of Congress Classification     Science & Technology Kisii University Library Kisii University Library On Display 04/20/2026 113039   QH 84 .C69 2020 a001887 04/20/2026 1 04/20/2026 Long Loan Book
    Library of Congress Classification     Science & Technology Kisii University Library Kisii University Library On Display 04/20/2026 113040   QH 84 .C69 2020 a001888 04/20/2026 2 04/20/2026 Long Loan Book
    Library of Congress Classification     Science & Technology Kisii University Library Kisii University Library On Display 04/20/2026 113041   QH 84 .C69 2020 a001889 04/20/2026 3 04/20/2026 Long Loan Book
    Library of Congress Classification     Science & Technology Kisii University Library Kisii University Library On Display 04/20/2026 113042   QH 84 .C69 2020 a001890 04/20/2026 4 04/20/2026 Long Loan Book
    Library of Congress Classification     Science & Technology Kisii University Library Kisii University Library On Display 04/20/2026 113043   QH 84 .C69 2020 a001892 04/20/2026 5 04/20/2026 Long Loan Book